Ξενοδοχειακό μάνατζμεντ

Αποθηκεύτηκε σε:
Λεπτομέρειες βιβλιογραφικής εγγραφής
Κύριος συγγραφέας: Ευσταθίου, Παναγιώτης Α., 1954-
Μορφή: Βιβλίο
Γλώσσα:Greek
Δημοσίευση: Αθήνα : Παπαζήση, c2005
Θέματα:
Ετικέτες: Προσθήκη ετικέτας
Δεν υπάρχουν, Καταχωρήστε ετικέτα πρώτοι!

MARC

LEADER 00000cam a2200000 i 4500
001 1/104834
008 090507s2005 gre d
020 |a 960-02-1868-4 
035 |l 10104577 
040 |a GR-MY-UA  |b gre  |e aacr 
041 0 |a gre 
082 0 |a 647.94068  |2 (22) 
100 1 |a Ευσταθίου, Παναγιώτης Α.,   |d 1954- 
245 1 0 |a Ξενοδοχειακό μάνατζμεντ /  |c Π.Α. Ευσταθίου 
260 |a Αθήνα :   |b Παπαζήση,   |c c2005 
300 |a 124 σ.;  |c 21 εκ. 
504 |a Περιλαμβάνει βιβλιογραφία 
650 0 0 |a Hospitality industry  |x Management. 
650 0 0 |a Hotel management. 
852 |a INST  |b CHIOS  |e 20090507  |h 647.94068 ΕΥΣ  |p 005200030356  |q 005200030356  |t BK  |y 0 
901 |a BIBL2-2009-2 
909 |a Χ  |b 147268 
970 |a ΒΑΣΙΛΑΚΗ  |b ΝΙΚΗ  |z 2009/05/07